00523nam a2200193 a 4500001001300000003000900013005001700022008004100039020001300080082001500093100002000108245006000128260003200188300000900220500003500229505001000264650003500274700002000309nice12345678IN_TiNIC20260116011830.0050524s1954 enga grp 000 0 eng  ac208.0800a268.3bFAB aFaber, Geoffrey aOxford Apostleb Character Study of the Oxford Movement aEnglandbPenguin Bookc1954 a442p aincludes index and biblioraphy2 aIndex aChristian Education & Training1 aFaber, Geoffrey